000 00470nam a2200169Ia 4500
001 62588
008 171109n ii |||gr||||Z||||||465
041 _a465
082 _a891.4138
100 _aThakur, Robindra Nath ,
_eAuthor.
245 0 _aSurjyastar Hengul Kiran
_cby Robindra Nath Thakur
_hTextual Documents
260 _aGuwahati
_bAjir prathinidhi publication
300 _a168p:
_c19cm.
653 _aG-Assamese
653 _aAssamese stories
942 _2ddc
_cBK
999 _c63695
_d63695